00587nam a2200169 i 450000100060000000300090000600500170001500700030003200800410003510000680007624500990014426000330024330000320027660000670030885200210037585200210039665971ES-MaACL20251014063128.0t|040123q1908 po f |||| |bpor d1 aFunchal, Agostinho de Sousa Coutinho, d1866-1923, cMarquez do12aO Conde de Linhares b: Don Rodrigo Domingos Antonio de Sousa Coutinho / cMarquez do Funchal. aLisboa : bBayard, c[1908?] a366 p., 1 lám. ; c24 cm.17aCoutinho, Rodrigo de Sousa, cConde de Linhares, d1745-18122 aES-MaACLjG-2544 aES-MaACLjG-8902